| 000 | 00585nam a2200217 a 4500 | ||
|---|---|---|---|
| 001 | 86527 | ||
| 003 | BD-RjUL | ||
| 005 | 20260521154506.0 | ||
| 008 | 260521s1897 enk||||| |||| 00| 0 eng d | ||
| 035 | _a(BD-RjUL)86527 | ||
| 040 |
_aBD-RjUL _beng _cBD-RjUL |
||
| 041 | _aeng | ||
| 082 |
_223 _a843.7 _bHOW 1897 |
||
| 100 | _aBalzac, Honoré de | ||
| 245 |
_aA Woman of Thirty / _cHonoré de Balzac, |
||
| 250 | _aCaxton ed. | ||
| 260 |
_aLondon : _bThe Caxton Publishing Company, _c1897 |
||
| 300 |
_a366 p. : _billustration ; _c21cm. |
||
| 650 | _aFrench fiction | ||
| 942 |
_2ddc _cBK |
||
| 999 |
_c86527 _d86527 |
||